Statistics for Gassu's Geographic Groups of Things #1

Click here to take the quiz!

General Stats

  • This quiz has been taken 1,036 times
  • The average score is 31 of 46

Answer Stats

Answer% Correct
Vatican City
94%
San Marino
93%
Ohio
93%
Haiti
91%
Dominican Republic
90%
North Island
89%
South Island
89%
Oregon
88%
Oklahoma
86%
Madrid
84%
Barcelona
83%
Maine
83%
Australia
82%
United Kingdom
81%
Argentina
80%
New Hampshire
79%
Mount Everest
79%
La Paz
78%
Rhode Island
78%
Vermont
78%
Lisbon
77%
New Zealand
75%
Massachusetts
75%
Connecticut
74%
Chile
74%
France
72%
Honshu
72%
Sucre
69%
Hokkaido
65%
Yukon
65%
Kilimanjaro
62%
Norway
61%
Tonga
57%
Northwest Territories
56%
Denali
54%
Porto
53%
Nunavut
52%
Spain
42%
Portugal
40%
Elbrus
40%
Kyushu
40%
Shikoku
31%
Aconcagua
30%
Cape Verde
20%
Mount Vinson
16%
Puncak Jaya
8%

Score Distribution

Percentile by Number Answered

Percent of People with Each Score

Your Score History

You have not taken this quiz